[Event "Online Olym Top DivA 2020"]
[Site "chess.com INT"]
[Date "2020.08.21"]
[Round "1.4"]
[Board "4"]
[White "Kurbonboeva, Sarvinoz"]
[Black "Lei, Tingjie"]
[Result "1/2-1/2"]
[WhiteTitle "WGM"]
[BlackTitle "GM"]
[WhiteElo "2234"]
[BlackElo "2505"]
[WhiteTeam "Uzbekistan"]
[BlackTeam "China"]
[WhiteFideId "14201780"]
[BlackFideId "8605114"]
[EventDate "2020.08.21"]
[EventType "team"]

1. d4 Nf6 2. c4 e6 3. Nf3 d5 4. Nc3 c5 5. Bg5 dxc4 6. e3 cxd4 7. Qxd4 Qxd4 8.
Nxd4 Bb4 9. O-O-O a6 10. Bxc4 Nbd7 11. f3 b5 12. Bb3 Bb7 13. Nce2 h6 14. Bh4 g5
15. Be1 Bxe1 16. Rhxe1 Ke7 17. e4 h5 18. Kb1 Rac8 19. Rc1 g4 20. Rxc8 Rxc8 21.
Rc1 Rxc1+ 22. Kxc1 h4 23. h3 gxh3 24. gxh3 Nh5 25. Kd2 Kf6 26. Ke3 Nc5 27. Bc2
Bc8 28. f4 e5 29. Nf3 exf4+ 30. Nxf4 Nxf4 31. Kxf4 Bxh3 32. Nxh4 Ne6+ 33. Ke3
Bg4 34. Ng2 Ke5 35. Ne1 Nc5 36. b4 Nd7 37. Nd3+ Kd6 38. Kd4 Be6 39. a3 f6 40. a4
bxa4 41. Bxa4 Ne5 42. Nc5 Bc4 43. Bd1 Bf1 44. Bh5 Nc6+ 45. Kc3 Bb5 46. Bf7 Kc7
47. Bc4 Bxc4 48. Kxc4 a5 49. bxa5 Nxa5+ 50. Kd5 Nc6 51. Ke6 f5 52. Kxf5 Kd6 53.
Nd3 Nd4+ 54. Kf6 Nc6 55. Nf4 Ne5 56. Ne2 Nd7+ 57. Kf5 Ne5 58. Nd4 Nd3 59. Nb5+
Kc5 60. Nc3 Kd6 61. Kf6 Kc5 62. Ne2 Kd6 63. Nd4 Kc5 64. Ne6+ Kd6 65. Kf5 Kd7 66.
Nf4 Nxf4 67. Kxf4 Ke6 68. e5 Ke7 69. Kf5 Kf7 70. e6+ Ke7 71. Ke5 Ke8 72. Kf6 Kf8
73. e7+ Ke8 74. Ke6 1/2-1/2

[Event "Online Olym Top DivA 2020"]
[Site "chess.com INT"]
[Date "2020.08.21"]
[Round "1.4"]
[Board "5"]
[White "Liu, Yan"]
[Black "Saydaliev, Saidakbar"]
[Result "1-0"]
[WhiteTitle "GM"]
[BlackTitle "FM"]
[WhiteElo "2524"]
[BlackElo "2384"]
[WhiteTeam "China"]
[BlackTeam "Uzbekistan"]
[WhiteFideId "8608962"]
[BlackFideId "14203693"]
[EventDate "2020.08.21"]
[EventType "team"]

1. Nf3 Nf6 2. c4 g6 3. g3 Bg7 4. Bg2 O-O 5. O-O c5 6. Nc3 Nc6 7. d4 cxd4 8. Nxd4
d6 9. e3 Bd7 10. b3 Rc8 11. Bb2 Qa5 12. h3 a6 13. a4 Rfd8 14. Re1 Qb6 15. Rb1
Nb4 16. Ba3 Bc6 17. Nxc6 bxc6 18. Qd2 a5 19. Na2 Nxa2 20. Qxa2 c5 21. Bb2 Rb8
22. Ba1 Ne8 23. Bxg7 Nxg7 24. f4 Qc7 25. Rbd1 Rb4 26. Rd3 Rdb8 27. Bf3 h5 28.
Kf2 Qb6 29. Bd1 Qb7 30. Qe2 Qc7 31. g4 e5 32. f5 Qe7 33. e4 Qh4+ 34. Kg2 R4b6
35. Rf1 gxf5 36. gxf5 Kf8 37. Rg3 Qf6 38. Kh2 Ke7 39. Rfg1 Ne8 40. Qxh5 Nc7 41.
Rg8 Na6 42. R1g7 Rxg8 43. Rxg8 Nb4 44. Qh7 Kd7 45. Rg7 Ke8 46. Bh5 Rb7 47. Qg8+ 1-0

[Event "Online Olym Top DivA 2020"]
[Site "chess.com INT"]
[Date "2020.08.21"]
[Round "1.4"]
[Board "6"]
[White "Khamdamova, Afruza"]
[Black "Zhu, Jiner"]
[Result "1/2-1/2"]
[WhiteTitle "WCM"]
[BlackTitle "WGM"]
[WhiteElo "1809"]
[BlackElo "2459"]
[WhiteTeam "Uzbekistan"]
[BlackTeam "China"]
[WhiteFideId "14210444"]
[BlackFideId "8608059"]
[EventDate "2020.08.21"]
[EventType "team"]

1. e4 c5 2. Nf3 d6 3. d4 Nf6 4. Nc3 cxd4 5. Nxd4 a6 6. Be2 e6 7. O-O Qc7 8. Be3
b5 9. a3 Bb7 10. f3 Be7 11. Qe1 O-O 12. Rd1 Nc6 13. Qg3 Rfd8 14. f4 Rd7 15. Bf3
Nxd4 16. Bxd4 Re8 17. e5 dxe5 18. Bxe5 Qb6+ 19. Kh1 Red8 20. Rxd7 Rxd7 21. Bxb7
Qxb7 22. f5 exf5 23. Rxf5 Qc6 24. h3 Rd2 25. Kh2 h6 26. Bxf6 Bxf6 27. Rxf6 Qxf6
28. Ne4 Qd8 29. Nxd2 Qxd2 30. Qb8+ Kh7 31. Qc7 f5 32. Qc5 Qf4+ 33. Kg1 Qe4 34.
Qc3 Kg6 35. b3 h5 36. Kf2 Qf4+ 37. Ke2 Qe4+ 38. Kf2 h4 39. Qd2 Kh7 40. Kg1 g6
41. Kf2 a5 42. Qd7+ Kh6 43. Qd2+ Kh7 44. Qd7+ Kh6 45. Qd2+ Kh7 1/2-1/2

[Event "Online Olym Top DivA 2020"]
[Site "chess.com INT"]
[Date "2020.08.21"]
[Round "1.5"]
[Board "1"]
[White "Mwadzura, Roy"]
[Black "Vidit, Santosh Gujrathi"]
[Result "0-1"]
[BlackTitle "GM"]
[WhiteElo "2029"]
[BlackElo "2726"]
[WhiteTeam "Zimbabwe"]
[BlackTeam "India"]
[WhiteFideId "11004436"]
[BlackFideId "5029465"]
[EventDate "2020.08.21"]
[EventType "team"]

1. e4 c5 2. Nf3 d6 3. d4 cxd4 4. Nxd4 Nf6 5. Nc3 Nc6 6. Be3 Ng4 7. Nxc6 bxc6 8.
Qd2 Nxe3 9. Qxe3 Qb6 10. Qxb6 axb6 11. Bd3 g5 12. O-O Bg7 13. Nd1 b5 14. c3 e6
15. a3 Ke7 16. Ne3 Bd7 17. f4 gxf4 18. Rxf4 h5 19. Rff1 c5 20. Rae1 Rab8 0-1

[Event "Online Olym Top DivA 2020"]
[Site "chess.com INT"]
[Date "2020.08.21"]
[Round "1.5"]
[Board "2"]
[White "Aravindh, Chithambaram VR."]
[Black "Chigodo, Mukai Cyril"]
[Result "1-0"]
[WhiteTitle "GM"]
[WhiteElo "2641"]
[BlackElo "1953"]
[WhiteTeam "India"]
[BlackTeam "Zimbabwe"]
[WhiteFideId "5072786"]
[BlackFideId "11005068"]
[EventDate "2020.08.21"]
[EventType "team"]

1. d4 d5 2. Bf4 e6 3. e3 Nf6 4. Nf3 Bd6 5. Bg3 Bxg3 6. hxg3 c5 7. c3 Nbd7 8.
Nbd2 Qc7 9. Bb5 a6 10. Bxd7+ Bxd7 11. Ne5 cxd4 12. exd4 Bb5 13. Qf3 Qe7 14. Qf4
Nd7 15. Ndf3 Nxe5 16. Nxe5 f6 17. Ng6 Qf7 18. Nxh8 Qg8 19. Qc7 Qxh8 20. Qxb7 Rd8
21. a4 Bd3 22. O-O-O Bf5 23. Rde1 Rd7 24. Rxe6+ Bxe6 25. Qc8+ Rd8 26. Qxe6+ Kf8
27. Re1 Ra8 28. Qe7+ Kg8 29. Qd7 h5 30. Qxd5+ Kh7 31. Qxh5+ Kg8 32. Qd5+ Kh7 33.
Qf7 Kh6 34. f4 g6 35. Rh1# 1-0

[Event "Online Olym Top DivA 2020"]
[Site "chess.com INT"]
[Date "2020.08.21"]
[Round "1.5"]
[Board "3"]
[White "Shaba, Linda Dalitso"]
[Black "Kulkarni, Bhakti"]
[Result "0-1"]
[BlackTitle "IM"]
[WhiteElo "1603"]
[BlackElo "2391"]
[WhiteTeam "Zimbabwe"]
[BlackTeam "India"]
[WhiteFideId "11001631"]
[BlackFideId "5019516"]
[EventDate "2020.08.21"]
[EventType "team"]

1. d4 d5 2. Nf3 Nf6 3. c4 e6 4. Bg5 Be7 5. e3 h6 6. Bh4 O-O 7. Bd3 b6 8. O-O Bb7
9. Nbd2 c5 10. Rc1 Nbd7 11. h3 Ne4 12. Bxe7 Qxe7 13. cxd5 exd5 14. Re1 c4 15.
Bxe4 dxe4 16. Nh2 b5 17. b3 cxb3 18. Nxb3 Rac8 19. Qd2 Qa3 20. Nf1 Bd5 21. Rxc8
Rxc8 22. Rc1 Rxc1 23. Qxc1 Qxc1 24. Nxc1 a5 25. Nd2 b4 26. Kf1 Nb6 27. Ke2 Na4
28. Ncb3 Nc3+ 29. Ke1 a4 30. Nc5 Bxa2 31. Ndxe4 Nxe4 32. Nxe4 Bd5 33. Nc5 a3 0-1

[Event "Online Olym Top DivA 2020"]
[Site "chess.com INT"]
[Date "2020.08.21"]
[Round "1.5"]
[Board "4"]
[White "Vaishali, R"]
[Black "Charinda, Kudzanayi"]
[Result "1-0"]
[WhiteTitle "WGM"]
[BlackTitle "WCM"]
[WhiteElo "2393"]
[BlackElo "1710"]
[WhiteTeam "India"]
[BlackTeam "Zimbabwe"]
[WhiteFideId "5091756"]
[BlackFideId "11000538"]
[EventDate "2020.08.21"]
[EventType "team"]

1. e4 c5 2. Nf3 d6 3. c3 Nf6 4. Be2 e6 5. O-O Be7 6. Qc2 Nc6 7. d4 cxd4 8. cxd4
O-O 9. Nc3 a6 10. d5 exd5 11. exd5 Ne5 12. Bf4 Ng6 13. Be3 Bg4 14. h3 Bxf3 15.
Bxf3 b5 16. Qb3 Qd7 17. a4 bxa4 18. Rxa4 Rfb8 19. Qa3 Qb7 20. b4 Ne5 21. Be2
Nxd5 22. Nxd5 Qxd5 23. Bxa6 h6 24. Rc1 Qe6 25. Qc3 Qg6 26. b5 Bf6 27. Qc2 Qxc2
28. Rxc2 Nd7 29. Rc6 d5 30. Rd6 d4 31. Rxd7 dxe3 32. fxe3 Bd8 33. Rf4 Bf6 34.
Rc4 Rb6 35. Rcc7 Rf8 36. Rc6 Rbb8 37. b6 Bg5 38. Kf2 Rfe8 39. Rd3 Bh4+ 40. g3
Bf6 41. b7 Be5 42. Rc8 Rf8 43. Rd7 f6 44. g4 Bh2 45. Kf3 Be5 46. Ke4 Bh2 47. Kf5
Be5 48. Kg6 1-0

[Event "Online Olym Top DivA 2020"]
[Site "chess.com INT"]
[Date "2020.08.21"]
[Round "1.5"]
[Board "5"]
[White "Hamandishe, Farai"]
[Black "Nihal, Sarin"]
[Result "0-1"]
[BlackTitle "GM"]
[WhiteElo "1743"]
[BlackElo "2620"]
[WhiteTeam "Zimbabwe"]
[BlackTeam "India"]
[WhiteFideId "11003871"]
[BlackFideId "25092340"]
[EventDate "2020.08.21"]
[EventType "team"]

1. e4 c5 2. Nf3 Nc6 3. d4 cxd4 4. Nxd4 Nf6 5. Nc3 e5 6. Ndb5 d6 7. Nd5 Nxd5 8.
exd5 Nb8 9. c4 Be7 10. Bd3 O-O 11. O-O Nd7 12. f4 a6 13. Nc3 f5 14. Be3 g6 15.
Kh1 Bf6 16. Qc2 exf4 17. Bxf4 Be5 18. Qd2 Bxf4 19. Qxf4 Ne5 20. Rad1 Bd7 21. Ne2
Qf6 22. h3 Rae8 23. Bb1 Nxc4 24. Qxc4 Bb5 25. Qc3 Rxe2 26. Qxf6 Rxf6 27. b3 Re3
28. a4 Bxf1 29. Rxf1 Rxb3 30. Bc2 Rc3 31. Bd1 Rf7 32. Bf3 Rfc7 33. Kh2 Rc1 34.
Rf2 R7c2 35. Rxc2 Rxc2 0-1

[Event "Online Olym Top DivA 2020"]
[Site "chess.com INT"]
[Date "2020.08.21"]
[Round "1.5"]
[Board "6"]
[White "Divya, Deshmukh"]
[Black "Mudodo, Refiloe Hazel"]
[Result "1-0"]
[WhiteTitle "WIM"]
[BlackTitle "WCM"]
[WhiteElo "2305"]
[BlackElo "1543"]
[WhiteTeam "India"]
[BlackTeam "Zimbabwe"]
[WhiteFideId "35006916"]
[BlackFideId "11000821"]
[EventDate "2020.08.21"]
[EventType "team"]

1. d4 d5 2. c4 e6 3. Nc3 Nf6 4. Nf3 Be7 5. g3 O-O 6. Bg2 h6 7. O-O Nbd7 8. Qd3
c5 9. cxd5 exd5 10. Bf4 Nb6 11. Rac1 c4 12. Qc2 Bd6 13. Ne5 Re8 14. e4 dxe4 15.
Nxe4 Nxe4 16. Bxe4 Bxe5 17. Bxe5 f6 18. Bh7+ Kh8 19. Bf4 Be6 20. Bg6 Re7 21. Qd2
Rc8 22. Rfe1 Nd5 23. Bxh6 Bg8 24. Bf5 Rxe1+ 25. Rxe1 Rc7 26. Bf4 Re7 27. Rxe7
Qxe7 28. Qd1 Nxf4 29. gxf4 Qd6 30. Qh5+ Bh7 31. Qxh7# 1-0

[Event "Online Olym Top DivA 2020"]
[Site "chess.com INT"]
[Date "2020.08.21"]
[Round "2.1"]
[Board "1"]
[White "Le, Quang Liem"]
[Black "Vidit, Santosh Gujrathi"]
[Result "1/2-1/2"]
[WhiteTitle "GM"]
[BlackTitle "GM"]
[WhiteElo "2709"]
[BlackElo "2726"]
[WhiteTeam "Vietnam"]
[BlackTeam "India"]
[WhiteFideId "12401137"]
[BlackFideId "5029465"]
[EventDate "2020.08.21"]
[EventType "team"]

1. Nf3 d5 2. d4 Nf6 3. c4 e6 4. g3 Bb4+ 5. Bd2 a5 6. Bg2 O-O 7. O-O dxc4 8. Qc2
Bxd2 9. Qxd2 b5 10. a4 c6 11. Ne5 Nd5 12. Rd1 f6 13. Ng4 Qb6 14. e4 Nb4 15. Nc3
Bb7 16. d5 e5 17. Ne3 Rd8 18. Qe2 Ba6 19. dxc6 N8xc6 20. axb5 Bxb5 21. Rxd8+
Rxd8 22. Nxb5 Qxb5 23. Qxc4+ Qxc4 24. Nxc4 Nc2 25. Rc1 N2d4 26. Bf1 Rb8 27. Ra1
g6 28. Nxa5 1/2-1/2

[Event "Online Olym Top DivA 2020"]
[Site "chess.com INT"]
[Date "2020.08.21"]
[Round "2.1"]
[Board "2"]
[White "Harikrishna, Pentala"]
[Black "Nguyen, Ngoc Truong Son"]
[Result "1/2-1/2"]
[WhiteTitle "GM"]
[BlackTitle "GM"]
[WhiteElo "2732"]
[BlackElo "2641"]
[WhiteTeam "India"]
[BlackTeam "Vietnam"]
[WhiteFideId "5007003"]
[BlackFideId "12401110"]
[EventDate "2020.08.21"]
[EventType "team"]

1. d4 Nf6 2. c4 e6 3. g3 d5 4. Bg2 Bb4+ 5. Nd2 O-O 6. Nf3 b6 7. O-O Bb7 8. b3 c5
9. Bb2 Nbd7 10. cxd5 Bxd5 11. Nc4 cxd4 12. Qxd4 Bc5 13. Qf4 Qe7 14. Rfd1 Rfd8
15. Nfe5 Nxe5 16. Nxe5 Bxg2 17. Kxg2 Qb7+ 18. Qf3 Qxf3+ 19. Kxf3 a5 20. Rxd8+
Rxd8 21. Rc1 Nd5 22. Nd3 Be7 23. Be5 f6 24. Bd4 Ba3 25. Rc2 e5 26. Be3 Kf7 27.
Rc6 Rd6 28. Rxd6 Bxd6 29. Bd2 Ke6 30. e4 Ne7 31. a4 Kd7 32. Ke2 Kc6 33. Bc3 Bc7
34. h3 b5 35. f4 exf4 36. gxf4 f5 37. Kf3 g6 38. Bf6 fxe4+ 39. Kxe4 Nf5 40. Be5
Bd8 41. Bc3 b4 42. Ne5+ Kc5 43. Bd4+ Nxd4 44. Nd3+ Kd6 45. Kxd4 Bb6+ 46. Ke4 Ke6
47. Ne5 Bc7 48. Nf3 Kf6 49. Ng5 h6 50. Nf3 Bd6 51. Nh2 h5 52. Nf3 Bc7 53. Nd2
Ke6 54. Nc4 Bd8 55. Ne3 Kf6 56. Nc4 Bc7 57. Nd2 Ke6 58. Nf3 Kf6 59. Ne5 Bxe5 60.
fxe5+ Ke6 61. h4 Ke7 62. Kf4 Ke6 63. Kg5 Kxe5 64. Kxg6 Kd4 65. Kxh5 Kc3 66. Kg4
Kxb3 67. h5 Kxa4 68. h6 b3 69. h7 b2 70. h8=Q b1=Q 71. Kf3 Ka3 72. Qc8 a4 73.
Ke3 Ka2 74. Kd2 Qb2+ 75. Qc2 a3 76. Kd1 Ka1 77. Qc1+ Ka2 78. Qc2 Qxc2+ 79. Kxc2
Ka1 80. Kc1 a2 81. Kc2 1/2-1/2

[Event "Online Olym Top DivA 2020"]
[Site "chess.com INT"]
[Date "2020.08.21"]
[Round "2.1"]
[Board "4"]
[White "Harika, Dronavalli"]
[Black "Hoang, Thi Bao Tram"]
[Result "1-0"]
[WhiteTitle "GM"]
[BlackTitle "WGM"]
[WhiteElo "2515"]
[BlackElo "2288"]
[WhiteTeam "India"]
[BlackTeam "Vietnam"]
[WhiteFideId "5015197"]
[BlackFideId "12401102"]
[EventDate "2020.08.21"]
[EventType "team"]

1. d4 d5 2. Nf3 Nf6 3. g3 c6 4. Bg2 g6 5. O-O Bg7 6. b3 O-O 7. c4 b6 8. Bb2 Bb7
9. Nc3 e6 10. Rc1 Ne4 11. cxd5 exd5 12. Nxe4 dxe4 13. Ne5 f6 14. Nc4 b5 15. Nd2
f5 16. b4 a5 17. a3 axb4 18. axb4 Na6 19. Qb3+ Kh8 20. e3 Qd6 21. Bc3 Bc8 22.
Qb2 Rf7 23. f3 exf3 24. Nxf3 Be6 25. Ne5 Bxe5 26. dxe5 Qd3 27. Bd4 Nc7 28. Rc3
Ra2 29. Rxd3 1-0

[Event "Online Olym Top DivA 2020"]
[Site "chess.com INT"]
[Date "2020.08.21"]
[Round "2.1"]
[Board "5"]
[White "Nguyen, Anh Khoi"]
[Black "Nihal, Sarin"]
[Result "0-1"]
[WhiteTitle "GM"]
[BlackTitle "GM"]
[WhiteElo "2520"]
[BlackElo "2620"]
[WhiteTeam "Vietnam"]
[BlackTeam "India"]
[WhiteFideId "12404675"]
[BlackFideId "25092340"]
[EventDate "2020.08.21"]
[EventType "team"]

1. d4 d5 2. c4 c6 3. Nf3 Nf6 4. Qb3 dxc4 5. Qxc4 Bf5 6. g3 e6 7. Bg2 Be7 8. O-O
O-O 9. e3 Nbd7 10. Rd1 h6 11. Qe2 Bh7 12. Nc3 Ne4 13. Ne1 Ndf6 14. f3 Nxc3 15.
bxc3 Nd5 16. Bd2 Qa5 17. e4 Nb6 18. Rdb1 Rfd8 19. a4 Bf8 20. Bf1 e5 21. Qf2 exd4
22. cxd4 Qh5 23. a5 Nd7 24. Rxb7 Nf6 25. Be3 Rd7 26. Rxd7 Nxd7 27. Nd3 Qg6 28.
Rb1 Qe6 29. Rb7 Nf6 30. Nf4 Qc8 31. a6 Ne8 32. Bh3 Qd8 33. Rxf7 Nd6 34. Rd7 Qa5
35. Qb2 Qe1+ 36. Kg2 Qxe3 37. e5 Nb5 38. Be6+ Kh8 39. Bg4 Nc3 40. Qb7 Re8 41.
Qxc6 Ne2 42. Ng6+ Bxg6 43. Qxg6 Qg1+ 44. Kh3 Qf1+ 45. Kh4 Be7+ 46. Kh5 Nxg3+ 47.
hxg3 Qh1+ 0-1

[Event "Online Olym Top DivA 2020"]
[Site "chess.com INT"]
[Date "2020.08.21"]
[Round "2.1"]
[Board "6"]
[White "Divya, Deshmukh"]
[Black "Bach, Ngoc Thuy Duong"]
[Result "0-1"]
[WhiteTitle "WIM"]
[BlackTitle "WIM"]
[WhiteElo "2305"]
[BlackElo "2239"]
[WhiteTeam "India"]
[BlackTeam "Vietnam"]
[WhiteFideId "35006916"]
[BlackFideId "12408956"]
[EventDate "2020.08.21"]
[EventType "team"]

1. e4 c5 2. Nf3 d6 3. d4 cxd4 4. Nxd4 Nf6 5. Nc3 a6 6. h4 e5 7. Nb3 Be7 8. Be2
b5 9. a4 b4 10. Nd5 Bb7 11. Bc4 Nxd5 12. exd5 Nd7 13. Be3 Nf6 14. Qd3 Qc7 15. a5
Qd7 16. f3 Nh5 17. O-O-O Ng3 18. Rh3 Nf5 19. Bf2 h5 20. Rdh1 Nh6 21. Be3 f5 22.
Bg5 Kf7 23. Re1 g6 24. Qd2 Ng8 0-1

[Event "Online Olym Top DivA 2020"]
[Site "chess.com INT"]
[Date "2020.08.21"]
[Round "2.2"]
[Board "2"]
[White "Chigodo, Mukai Cyril"]
[Black "Nigmatov, Ortik"]
[Result "0-1"]
[BlackTitle "IM"]
[WhiteElo "1953"]
[BlackElo "2447"]
[WhiteTeam "Zimbabwe"]
[BlackTeam "Uzbekistan"]
[WhiteFideId "11005068"]
[BlackFideId "14202131"]
[EventDate "2020.08.21"]
[EventType "team"]

1. d4 Nf6 2. Nf3 g6 3. g3 Bg7 4. Bg2 O-O 5. O-O d6 6. c4 Nbd7 7. Nc3 e5 8. Re1
Re8 9. Bg5 h6 10. Bxf6 Bxf6 11. e4 c6 12. Qd2 Bg7 13. Rad1 Qe7 14. dxe5 dxe5 15.
Qd6 Qxd6 16. Rxd6 Nf8 17. h3 Ne6 18. Rdd1 f6 19. Nh4 Kf7 20. Nf3 Bf8 21. a3 a5
22. Na4 Ra6 23. Bf1 Nc5 24. Nxc5 Bxc5 25. Rd2 a4 26. Red1 Rb6 27. Kg2 Be6 28.
Be2 Ra8 29. Rc2 h5 30. Ne1 Bd4 31. Rdd2 Rb3 32. Nd3 f5 33. Bf3 c5 34. Nc1 Rb6
35. Ne2 Kf6 36. h4 Bf7 37. Nc1 Be8 38. Ne2 Bc6 39. Nxd4 cxd4 40. c5 Rb3 41. Rc4
fxe4 0-1

[Event "Online Olym Top DivA 2020"]
[Site "chess.com INT"]
[Date "2020.08.21"]
[Round "2.2"]
[Board "3"]
[White "Gevorgyan, Irina"]
[Black "Shaba, Linda Dalitso"]
[Result "1/2-1/2"]
[WhiteTitle "WGM"]
[WhiteElo "2245"]
[BlackElo "1603"]
[WhiteTeam "Uzbekistan"]
[BlackTeam "Zimbabwe"]
[WhiteFideId "14201437"]
[BlackFideId "11001631"]
[EventDate "2020.08.21"]
[EventType "team"]

1. Nf3 Nf6 2. c4 e6 3. Nc3 Be7 4. e4 d5 5. e5 Ng8 6. d4 b6 7. Be3 Bb7 8. cxd5
Bxd5 9. Rc1 Nd7 10. Ba6 Bb4 11. Qa4 Bxc3+ 12. Rxc3 Bxf3 13. gxf3 Ne7 14. Bb7 Rb8
15. Qxa7 O-O 16. Be4 Rc8 17. Ke2 c6 18. Qa4 c5 19. Rd1 Qc7 20. dxc5 Nxc5 21.
Bxc5 bxc5 22. Rd7 Qxe5 23. Rxe7 f5 24. Qd7 fxe4 25. Qxe6+ Qxe6 26. Rxe6 exf3+
27. Rxf3 Rxf3 28. Kxf3 Kf7 29. Re2 Kf6 30. Ke3 Ke5 31. Kd3+ Kd5 32. Kc3 Rc7 33.
a4 Ra7 34. b3 Rf7 35. a5 Ra7 36. b4 cxb4+ 37. Kxb4 Rb7+ 38. Ka4 Kc5 39. Rc2+ Kd6
40. a6 Rb1 41. Ka5 h5 42. a7 Ra1+ 43. Kb6 Rb1+ 44. Ka6 Ra1+ 45. Kb7 Rb1+ 46. Ka8
Kd7 47. f4 g6 48. Rd2+ Ke7 49. Rc2 Kd7 50. Rg2 Rb6 51. Rc2 Rb1 1/2-1/2

[Event "Online Olym Top DivA 2020"]
[Site "chess.com INT"]
[Date "2020.08.21"]
[Round "2.2"]
[Board "4"]
[White "Charinda, Kudzanayi"]
[Black "Kurbonboeva, Sarvinoz"]
[Result "0-1"]
[WhiteTitle "WCM"]
[BlackTitle "WGM"]
[WhiteElo "1710"]
[BlackElo "2234"]
[WhiteTeam "Zimbabwe"]
[BlackTeam "Uzbekistan"]
[WhiteFideId "11000538"]
[BlackFideId "14201780"]
[EventDate "2020.08.21"]
[EventType "team"]

1. e4 c5 2. Nf3 g6 3. Nc3 Nc6 4. d4 cxd4 5. Nxd4 Bg7 6. Be3 Nf6 7. Nxc6 bxc6 8.
e5 Ng8 9. f4 d6 10. exd6 Qxd6 11. Qxd6 exd6 12. Rd1 d5 13. Bd4 Bxd4 14. Rxd4 Nf6
15. h3 Bf5 16. Rd2 O-O-O 17. Ba6+ Kc7 18. O-O Rhe8 19. Kf2 d4 20. g4 dxc3 21.
Rxd8 Rxd8 22. gxf5 cxb2 23. Bd3 Nd5 24. Rb1 Rb8 25. c4 Nc3 26. fxg6 Nxb1 27.
Bxb1 fxg6 28. Ke3 Rd8 29. Bc2 Rd1 0-1

[Event "Online Olym Top DivA 2020"]
[Site "chess.com INT"]
[Date "2020.08.21"]
[Round "2.2"]
[Board "5"]
[White "Saydaliev, Saidakbar"]
[Black "Hamandishe, Farai"]
[Result "1-0"]
[WhiteTitle "FM"]
[WhiteElo "2384"]
[BlackElo "1743"]
[WhiteTeam "Uzbekistan"]
[BlackTeam "Zimbabwe"]
[WhiteFideId "14203693"]
[BlackFideId "11003871"]
[EventDate "2020.08.21"]
[EventType "team"]

1. e4 c5 2. Nf3 Nc6 3. Bb5 Nd4 4. Bc4 e6 5. Nc3 a6 6. a4 g6 7. d3 Bg7 8. O-O Ne7
9. Bf4 O-O 10. Bd6 b6 11. e5 Ndf5 12. Ne4 Nc6 13. Bxf8 Qxf8 14. Nf6+ Kh8 15. Qe2
d5 16. Ba2 Qe7 17. c3 Nxe5 18. Nxe5 Bxf6 19. f4 d4 20. cxd4 Nxd4 21. Qf2 a5 22.
Bc4 Bb7 23. Qd2 Rd8 24. Rae1 Ba8 25. Re3 Bg7 26. Rh3 h5 27. Qe1 Qb7 28. Rf2 Kg8
29. Kf1 Bh6 30. Qe3 Nf5 31. Qd2 Nd4 32. Ke1 Bg7 33. Kd1 Nc6 34. Nxg6 fxg6 35.
Bxe6+ Kh8 36. f5 Nd4 37. Bc4 Nxf5 38. Rxf5 Qxg2 39. Rfxh5+ 1-0

[Event "Online Olym Top DivA 2020"]
[Site "chess.com INT"]
[Date "2020.08.21"]
[Round "2.2"]
[Board "6"]
[White "Mudodo, Refiloe Hazel"]
[Black "Khamdamova, Afruza"]
[Result "0-1"]
[WhiteTitle "WCM"]
[BlackTitle "WCM"]
[WhiteElo "1543"]
[BlackElo "1809"]
[WhiteTeam "Zimbabwe"]
[BlackTeam "Uzbekistan"]
[WhiteFideId "11000821"]
[BlackFideId "14210444"]
[EventDate "2020.08.21"]
[EventType "team"]

1. e4 e5 2. Nf3 Nc6 3. Bb5 a6 4. Ba4 Nf6 5. Qe2 b5 6. Bb3 Be7 7. c3 d6 8. h3 O-O
9. O-O Na5 10. Bc2 c5 11. d3 Bb7 12. Rd1 Qc7 13. Nbd2 Rad8 14. Nf1 Rfe8 15. Be3
d5 16. Ng3 Bf8 17. Bg5 Be7 18. Rd2 h6 19. Be3 d4 20. cxd4 cxd4 21. Bxh6 gxh6 22.
Nf5 Bf8 23. N3h4 Nc6 24. Qf3 Ne7 25. Qg3+ Kh7 26. Bb3 Nxf5 27. Nxf5 Bc8 28. Rc2
Qa7 29. Rac1 Bxf5 30. Rc7 Nh5 31. Qf3 Qb6 32. Rxf7+ Ng7 33. Qxf5+ Qg6 34. Qxg6+
Kxg6 35. Rc6+ Rd6 36. Rcc7 Red8 37. g4 Ne6 38. Kh2 Nxc7 39. Rxc7 R8d7 40. Rc8
Bg7 41. Kg3 Rf6 42. Kg2 Kg5 43. Kg3 Rfd6 44. h4+ Kg6 45. Kg2 Rd8 46. Rc7 Rf8 47.
f3 Rdf6 48. Bd1 Rd8 49. Bb3 Rff8 50. Be6 Bh8 51. Bf5+ Kf6 52. Rc6+ Ke7 53. Kf2
Rf6 54. Rc7+ Kd6 55. Rc2 Rf7 56. Kg3 Rc7 57. Rd2 Rc1 58. g5 hxg5 59. hxg5 Bg7
60. Kg4 Rh8 61. Kg3 Rg1+ 62. Rg2 Rhh1 63. Rxg1 Rxg1+ 64. Kh4 Rd1 65. Kh5 Ke7 66.
Kg6 Kf8 67. Kh7 Rxd3 68. Bg4 Rd1 69. Kg6 d3 70. Kf5 d2 71. g6 Rf1 72. f4 Rxf4+
73. Kg5 Rxg4+ 74. Kxg4 d1=Q+ 0-1

[Event "Online Olym Top DivA 2020"]
[Site "chess.com INT"]
[Date "2020.08.21"]
[Round "2.3"]
[Board "1"]
[White "Taher, Yoseph Theolifus"]
[Black "Ding, Liren"]
[Result "1/2-1/2"]
[WhiteTitle "IM"]
[BlackTitle "GM"]
[WhiteElo "2455"]
[BlackElo "2791"]
[WhiteTeam "Indonesia"]
[BlackTeam "China"]
[WhiteFideId "7105347"]
[BlackFideId "8603677"]
[EventDate "2020.08.21"]
[EventType "team"]

1. d4 Nf6 2. Bf4 d5 3. e3 c5 4. c3 Nc6 5. Nd2 Bf5 6. Qb3 Qd7 7. Ngf3 c4 8. Qd1
e6 9. Be2 Bd6 10. Bxd6 Qxd6 11. O-O O-O 12. b3 b5 13. a4 a6 14. Nh4 Be4 15. b4
Ne7 16. a5 Rae8 17. f4 h6 18. Nxe4 dxe4 19. g3 Nfd5 20. Qd2 g5 21. Ng2 Kg7 22.
Kf2 f5 23. h4 Rh8 24. Rh1 gxf4 25. Nxf4 Rhg8 26. Rhg1 Kh7 27. Rad1 Rg7 28. Nh5
Rf7 29. Nf4 Rg8 30. Rg2 Nxf4 31. gxf4 Rxg2+ 32. Kxg2 Rg7+ 33. Kf2 Qd8 34. Rg1
Rxg1 35. Kxg1 Nd5 36. h5 Qh4 37. Kg2 Kg7 38. Bd1 Kf7 39. Be2 Ke7 40. Bd1 Kd7 41.
Be2 Kc6 42. Bd1 Kb7 43. Be2 Nf6 44. Bd1 Ng4 45. Bxg4 Qxg4+ 46. Kf2 Qxh5 47. Kg2
Qf3+ 48. Kh2 Qh5+ 49. Kg2 Qg4+ 50. Kh2 Qh5+ 51. Kg2 1/2-1/2